Super Imperialism - New Edition : (Record no. 612911)

MARC details
000 -LEADER
fixed length control field 00514nam a2200193 a 4500
008 - FIXED-LENGTH DATA ELEMENTS--GENERAL INFORMATION
fixed length control field 260217s2003##################000#0#eng##
020 ## - INTERNATIONAL STANDARD BOOK NUMBER
ISBN 9780745319896
082 04 - DEWEY DECIMAL CLASSIFICATION NUMBER
Classification number 337.73
Item number HUD
100 1# - MAIN ENTRY--AUTHOR NAME
Personal name Hudson, Michael,
245 10 - TITLE STATEMENT
Title Super Imperialism - New Edition :
260 ## - PUBLICATION, DISTRIBUTION, ETC. (IMPRINT)
Name of publisher Pluto Press (UK),
Year of publication 2003.
300 ## - PHYSICAL DESCRIPTION
Number of Pages 452 pages
650 #0 - SUBJECT ADDED ENTRY--TOPICAL TERM
Topical Term Business & Economics.
942 ## - ADDED ENTRY ELEMENTS (KOHA)
Koha item type English Books
Holdings
Withdrawn status Lost status Damaged status Not for loan Home library Current library Shelving location Date acquired Full call number Accession Number Price effective from Koha item type
        Anna Centenary Library Anna Centenary Library 4TH FLOOR, A WING 17.02.2026 337.73 HUD 136652 17.02.2026 English Books

Find us on the map